Logos Internet par images - Statistiques

Statistiques générales
  • Ce quiz a été pris 3 200 fois
    3 116 depuis la dernière actualisation
  • Le résultat moyen est 13 sur 15
Statistiques - réponses
Par images Réponse % Correct
Amazon
100%
Facebook
100%
Google
99%
Instagram
98%
Twitter
98%
Firefox
93%
Gmail
93%
Netflix
89%
Skype
88%
Youtube
86%
Safari
83%
Jetpunk
80%
Pinterest
80%
Snapchat
78%
iTunes
63%
Aucun quiz correspondant
Distribution des résultats
% des personnes avec chaque résultat
Percentile par nombre de réponses
Votre historique - résultats
Vous n’avez pas pris ce quiz depuis la dernière actualisation